000
00465nam a2200157Ia 4500
008
090124s9999 xx 000 0 und d
082
_b
14728
_a
271
245
_a
वनस्पतीचा जादुगार
250
_a
1
260
_c
1965
300
_a
131
630
_a
वनस्पतीचा जादुगार
700
_a
भागवत भा.रा.
730
_a
वनस्पतीचा जादुगार
942
_c
BOOK
999
_c
128668
_d
128668